[Event "Tuapse Blitz op"]
[Site "Tuapse"]
[Date "2022.06.29"]
[Round "4"]
[White "Grachev, Boris V"]
[Black "Kuzmin, Ivan"]
[Result "1-0"]
[WhiteElo "2619"]
[BlackElo "1976"]
[PlyCount "71"]
[EventDate "2022.06.29"]
[EventType "swiss (blitz)"]
[EventRounds "13"]
[EventCountry "RUS"]
[SourceTitle "CBM 209 Extra"]
[Source "ChessBase"]
[SourceDate "2022.09.30"]
[SourceVersion "1"]
[SourceVersionDate "2022.09.30"]
[SourceQuality "1"]

1. d4 Nf6 2. Nf3 e6 3. Bf4 d5 4. e3 Bd6 5. Nbd2 0-0 6. Bg3 c5 7. Bd3 b6 8. Ne5 Bb7 9. c3 Nc6 10. 0-0 Ne7 11. Bh4 Ne4 12. Bxe4 dxe4 13. Ndc4 Bc7 14. dxc5 f6 15. Nd7 Rf7 16. Nd6 Bxd6 17. Qxd6 Nf5 18. Nxf6+ gxf6 19. Qxe6 Nxh4 20. c6 Qc8 21. cxb7 Qxb7 22. Rfd1 Ng6 23. Rd6 Qe7 24. Qd5 Re8 25. Rd1 Kg7 26. Rd4 Qe5 27. Qc4 Nh4 28. R4d5 Qe7 29. Qc6 Qc7 30. Qxe8 Qc4 31. Rd7 Rxd7 32. Qxd7+ Kg6 33. Qg4+ Kf7 34. Rd7+ Ke8 35. Rxh7 Qd5 36. Qc8+ 1-0

[Event "Tuapse Blitz op"]
[Site "Tuapse"]
[Date "2022.06.29"]
[Round "7"]
[White "Kuzmin, Ivan"]
[Black "Gitelson, Arkady"]
[Result "0-1"]
[WhiteElo "1976"]
[BlackElo "2165"]
[PlyCount "48"]
[EventDate "2022.06.29"]
[EventType "swiss (blitz)"]
[EventRounds "13"]
[EventCountry "RUS"]
[SourceTitle "CBM 209 Extra"]
[Source "ChessBase"]
[SourceDate "2022.09.30"]
[SourceVersion "1"]
[SourceVersionDate "2022.09.30"]
[SourceQuality "1"]

1. e4 c5 2. Nf3 Nc6 3. d4 cxd4 4. Nxd4 e5 5. Nb5 d6 6. c4 Be7 7. N1c3 a6 8. Na3 f5 9. Bd3 f4 10. g3 Nf6 11. gxf4 exf4 12. Bxf4 0-0 13. Qd2 Ng4 14. Nd5 Bh4 15. 0-0-0 Nxf2 16. Rhg1 Nxd1 17. Qxd1 Ne5 18. Nc2 Be6 19. Be2 Bxd5 20. Qxd5+ Kh8 21. Be3 Bf2 22. Bxf2 Rxf2 23. Bd1 Qb6 24. Kb1 Rxc2 0-1

[Event "Tuapse Rapid op"]
[Site "Tuapse"]
[Date "2022.06.27"]
[Round "8"]
[White "Gochelashvili, David"]
[Black "Kuzmin, Ivan"]
[Result "1-0"]
[WhiteElo "2324"]
[BlackElo "1976"]
[PlyCount "52"]
[EventDate "2022.06.26"]
[EventType "swiss (rapid)"]
[EventRounds "11"]
[EventCountry "RUS"]
[SourceTitle "CBM 209 Extra"]
[Source "ChessBase"]
[SourceDate "2022.09.30"]
[SourceVersion "1"]
[SourceVersionDate "2022.09.30"]
[SourceQuality "1"]

1. e4 c5 2. Nf3 d6 3. Bb5+ Nd7 4. 0-0 Ngf6 5. Re1 a6 6. Bf1 g6 7. c3 Bg7 8. d4 0-0 9. e5 Nd5 10. dxc5 Nc7 11. exd6 exd6 12. cxd6 Ne6 13. Nbd2 b5 14. Ne4 Bb7 15. Nfg5 Re8 16. Nxe6 Rxe6 17. Ng5 Rf6 18. a4 Rf5 19. axb5 Rxg5 20. Bxg5 Qxg5 21. bxa6 Bc6 22. Re3 Be5 23. b4 Bf4 24. b5 Bxb5 25. Qf3 Nb6 26. Ra5 Be2 1-0

[Event "Tuapse op"]
[Site "Tuapse"]
[Date "2022.06.25"]
[Round "9"]
[White "Aleksandrov, Danila"]
[Black "Kuzmin, Ivan"]
[Result "1/2-1/2"]
[WhiteElo "2125"]
[BlackElo "1965"]
[PlyCount "95"]
[EventDate "2022.06.17"]
[EventType "swiss"]
[EventRounds "9"]
[EventCountry "RUS"]
[SourceTitle "CBM 209 Extra"]
[Source "ChessBase"]
[SourceDate "2022.09.30"]
[SourceVersion "1"]
[SourceVersionDate "2022.09.30"]
[SourceQuality "1"]

1. d4 Nf6 2. c4 e6 3. Nc3 Bb4 4. Bg5 d5 5. e3 h6 6. Bh4 0-0 7. cxd5 exd5 8. Bd3 Be6 9. Nge2 Nbd7 10. 0-0 c5 11. dxc5 Bxc5 12. Rc1 Re8 13. Bb1 Bf8 14. Nd4 g5 15. Bg3 Nc5 16. Ncb5 Na6 17. Nc7 Nxc7 18. Rxc7 Ne4 19. Rxb7 Bc8 20. Rb3 a5 21. f3 a4 22. fxe4 axb3 23. Qxb3 Ba6 24. exd5 Bxf1 25. Qc2 f5 26. Qxf5 Qe7 27. Kxf1 Qf7 28. Qxf7+ Kxf7 29. e4 Ra4 30. Bf2 Bg7 31. Nf5 Rb8 32. b3 Ra6 33. Bg3 Rc8 34. Bd3 Rc1+ 35. Ke2 Rxa2+ 36. Ke3 Bc3 37. e5 Bd2+ 38. Ke4 Bf4 39. e6+ Kf6 40. e7 Ra8 41. d6 Bxg3 42. hxg3 Re1+ 43. Kd4 Re5 44. g4 Raa5 45. Bc4 Ra8 46. Ne3 Rxe7 47. Nd5+ Ke6 48. dxe7 1/2-1/2

[Event "Moscow Petrosian Memorial op"]
[Site "Moscow"]
[Date "2015.01.12"]
[Round "9"]
[White "Kuzmin, Ivan"]
[Black "Gaboshvili, Georgii"]
[Result "1/2-1/2"]
[WhiteElo "1681"]
[BlackElo "1788"]
[PlyCount "80"]
[EventDate "2015.01.04"]
[EventType "swiss"]
[EventRounds "9"]
[EventCountry "RUS"]
[SourceTitle "CBM 164 Extra"]
[Source "ChessBase"]
[SourceDate "2015.03.02"]
[SourceVersion "1"]
[SourceVersionDate "2015.03.02"]
[SourceQuality "1"]

1. d4 c5 2. c3 cxd4 3. cxd4 d5 4. Nc3 Nc6 5. Nf3 Nf6 6. e3 e6 7. Be2 Bd6 8. a3 0-0 9. b4 a6 10. Na4 Ne4 11. Bb2 b5 12. Nc5 Bxc5 13. dxc5 Bd7 14. 0-0 f6 15. Qb3 Rb8 16. Rfd1 Kh8 17. Nd2 Nxd2 18. Rxd2 Qe7 19. Rad1 Ne5 20. e4 Bc6 21. Qe3 Rbd8 22. f4 Nc4 23. Bxc4 dxc4 24. Rd6 Rxd6 25. Rxd6 Re8 26. Qh3 f5 27. exf5 exf5 28. Be5 Kg8 29. Qxf5 Rf8 30. Qg4 c3 31. Qg3 c2 32. Qb3+ Rf7 33. Qxc2 Rxf4 34. Qb3+ Rc4 35. Qe3 Re4 36. Qb3+ Rc4 37. Rxc6 Qxe5 38. Rc8+ Kf7 39. Qf3+ Rf4 40. Qb3+ Rc4 1/2-1/2

[Event "Moscow Petrosian Memorial op"]
[Site "Moscow"]
[Date "2015.01.09"]
[Round "6"]
[White "Kharitonov, Ivan"]
[Black "Kuzmin, Ivan"]
[Result "1/2-1/2"]
[WhiteElo "1738"]
[BlackElo "1681"]
[PlyCount "80"]
[EventDate "2015.01.04"]
[EventType "swiss"]
[EventRounds "9"]
[EventCountry "RUS"]
[SourceTitle "CBM 164 Extra"]
[Source "ChessBase"]
[SourceDate "2015.03.02"]
[SourceVersion "1"]
[SourceVersionDate "2015.03.02"]
[SourceQuality "1"]

1. d4 Nf6 2. Nf3 c5 3. c3 e6 4. e3 d5 5. Nbd2 Be7 6. Bd3 Nc6 7. 0-0 0-0 8. Qe2 Qc7 9. b3 cxd4 10. cxd4 Nb4 11. Bb2 Nxd3 12. Qxd3 Bd7 13. Ne5 Rfc8 14. Rfc1 Qb6 15. Nxd7 Nxd7 16. Nf3 a6 17. h3 Qd8 18. Qd2 Rxc1+ 19. Rxc1 Rc8 20. Kf1 Bd6 21. Rxc8 Qxc8 22. Qc3 Qxc3 23. Bxc3 Nf6 24. Nd2 Kf8 25. Ke2 Ke7 26. Kd3 b5 27. Ke2 Nd7 28. Nf3 Kf6 29. Kd3 Kg6 30. Ke2 f6 31. Nh4+ Kf7 32. Nf3 Nb6 33. Kd3 Nc8 34. Kc2 Be7 35. Kd3 Nd6 36. Nd2 Ne8 37. Nf3 g5 38. Nd2 h5 39. Ke2 Bd6 40. Kd3 Ke7 1/2-1/2